000 00622nam a2200241Ia 4500
003 OSt
005 20220918194310.0
006 a|||||r|||| 00| 0
007 ta
008 220917b |||||||| |||| 00| 0 eng d
024 _a78,664
037 _cTextual
040 _aARTS
_cARTS
_beng
041 _2eng
_aeng
082 _aS0aT, L3
100 _aSrivastava Suraj Narayan
_984260
245 0 _aEducational psychology
260 _aDelhi
_bYoung Man
_c1973
300 _ax,343p.
_ccm.
650 _aPSYCHOLOGY
942 _hS0aT, L3
_cTEXL
_2CC
999 _c202461
_d202461